A bordo de "La estrella matutina" / (Record no. 148987)

MARC details
000 -CABECERA
campo de control de longitud fija 00687nam a2200217 u 4500
005 - FECHA Y HORA DE LA ÚLTIMA TRANSACCIÓN
campo de control 20220620105130.0
008 - ELEMENTOS DE LONGITUD FIJA--INFORMACIÓN GENERAL
campo de control de longitud fija 100623s2004 r 000 0 eng d
020 ## - NÚMERO INTERNACIONAL NORMALIZADO PARA LIBROS
Número Internacional Estándar del Libro 9686871756
035 ## - NÚMERO DE CONTROL DEL SISTEMA
Número de control de sistema UPN01000176884
049 ## - COLECCIÓN
Colección I
050 #4 - SIGNATURA TOPOGRÁFICA DE LA BIBLIOTECA DEL CONGRESO
Número de clasificación PZ73
Número de documento/Ítem M3.22
100 1# - ASIENTO PRINCIPAL--NOMBRE PERSONAL
Nombre de persona Mac Orlan, Pierre,
Fechas asociadas al nombre 1883-1970
245 10 - MENCIÓN DE TÍTULO
Título A bordo de "La estrella matutina" /
Mención de responsabilidad, etc. Pierre Mac Orlan ; tr. Julio Gómez de la Serna.
260 ## - PUBLICACIÓN, DISTRIBUCIÓN, ETC.
Lugar de publicación, distribución, etc. México :
Nombre del editor, distribuidor, etc. Factoria,
Fecha de publicación, distribución, etc. 2004.
300 ## - DESCRIPCIÓN FÍSICA
Extensión 98 p.
440 #3 - MENCIÓN DE SERIE/ASIENTO SECUNDARIO--TÍTULO
Título El altar de los muertos ;
Designación de volumen o secuencia 18
534 ## - NOTA SOBRE LA VERSIÓN ORIGINAL
Frase introductoria Traducción de:
Mención de título del original A bord de l´etoile matutine
650 #4 - ASIENTO SECUNDARIO DE MATERIA - TERMINO TEMATICO
Término de materia o nombre geográfico como elemento de entrada PIRATAS -
Subdivisión de forma LITERATURA JUVENIL
9 (RLIN) 8754
650 #0 - ASIENTO SECUNDARIO DE MATERIA - TERMINO TEMATICO
Término de materia o nombre geográfico como elemento de entrada Mar, El, En la literatura
9 (RLIN) 5071
905 ## - TIPO DE MATERIAL
Tipo de material Libro
Holdings
Estado de retiro Estado de pérdida Fuente del sistema de clasificación o colocación Estado dañado No para préstamo Código de colección Localización permanente Ubicación/localización actual Ubicación en estantería Fecha de adquisición Clasificación Código de barras Fecha visto por última vez Número de copia Tipo de ítem Koha
    Library of Congress Classification     Infantil Bib. Gregorio Torres Quintero Bib. Gregorio Torres Quintero Sala infantil Planta baja 10/05/2023 PZ73 M3.22 273440 31/12/2020 1 Libro